000
00329nam a2200133Ia 4500
008
100328s9999 xx 000 0 und d
082
_b
45906
100
_a
जोशी शशिकांत
245
_a
संकेत
260
_b
वंदन
630
_a
संकेत
730
_a
संकेत
942
_c
BOOK
999
_c
533962
_d
533959